ನಲಿಯೇ ನವಿಲೆ / (Record no. 790077)
[ view plain ]
| 000 -LEADER | |
|---|---|
| fixed length control field | 01590nam a2200385 a 4500 |
| 001 - CONTROL NUMBER | |
| control field | vtls000966655 |
| 003 - CONTROL NUMBER IDENTIFIER | |
| control field | NLI |
| 005 - DATE AND TIME OF LATEST TRANSACTION | |
| control field | 20210627094731.0 |
| 008 - FIXED-LENGTH DATA ELEMENTS--GENERAL INFORMATION | |
| fixed length control field | 120110s2008 ii g 000 p kan d |
| 020 ## - INTERNATIONAL STANDARD BOOK NUMBER | |
| Terms of availability | Rs.60/ |
| 039 #9 - LEVEL OF BIBLIOGRAPHIC CONTROL AND CODING DETAIL [OBSOLETE] | |
| Level of rules in bibliographic description | 201803091102 |
| Level of effort used to assign nonsubject heading access points | virupakshbh |
| Level of effort used to assign subject headings | 201803091101 |
| Level of effort used to assign classification | virupakshbh |
| Level of effort used to assign subject headings | 201309061508 |
| Level of effort used to assign classification | virupakshbh |
| Level of effort used to assign subject headings | 201201102212 |
| Level of effort used to assign classification | virupakshbh |
| -- | 201201102031 |
| -- | virupakshbh |
| 040 ## - CATALOGING SOURCE | |
| Original cataloging agency | NLI |
| Transcribing agency | Kan |
| Description conventions | AACR-2 |
| 041 #0 - LANGUAGE CODE | |
| Language code of text/sound track or separate title | kan |
| 044 ## - COUNTRY OF PUBLISHING/PRODUCING ENTITY CODE | |
| MARC country code | ii |
| 082 04 - DEWEY DECIMAL CLASSIFICATION NUMBER | |
| Classification number | 894.81417 |
| Edition number | 22 |
| 100 1# - MAIN ENTRY--PERSONAL NAME | |
| Linkage | 880-01 |
| Personal name | ಮಠಪತಿ, ಶೈಲಜಾ.ಎಸ್. |
| 9 (RLIN) | 679152 |
| 245 1# - TITLE STATEMENT | |
| Linkage | 880-02 |
| Title | ನಲಿಯೇ ನವಿಲೆ / |
| Statement of responsibility, etc. | ಶೈಲಜಾ ಎಸ್.ಮಠಪತಿ |
| 260 ## - PUBLICATION, DISTRIBUTION, ETC. | |
| Place of publication, distribution, etc. | ಚಿಂಚಣಿ: |
| Name of publisher, distributor, etc. | ಮಕ್ಕಳಲೋಕ ಪ್ರಕಾಶನ, |
| Date of publication, distribution, etc. | 2008 |
| 300 ## - PHYSICAL DESCRIPTION | |
| Extent | xii, 52p.; |
| Dimensions | 18cm. |
| 500 ## - GENERAL NOTE | |
| General note | Library has three copy |
| 650 #0 - SUBJECT ADDED ENTRY--TOPICAL TERM | |
| Topical term or geographic name entry element | Kannada poetry |
| 880 1# - ALTERNATE GRAPHIC REPRESENTATION | |
| Linkage | 100-01 /(B |
| a | Mathapati, Śailaja.S. |
| 880 1# - ALTERNATE GRAPHIC REPRESENTATION | |
| Linkage | 245-02 /(B |
| a | Naliye navile / |
| c | Śailaja S.Mathapati |
| 887 ## - NON-MARC INFORMATION FIELD | |
| Content of non-MARC field | viru |
| 901 ## - LOCAL DATA ELEMENT A, LDA (RLIN) | |
| a | Kan 37902 |
| b | 23/3/2009 |
| 4 | (c.2) |
| 901 ## - LOCAL DATA ELEMENT A, LDA (RLIN) | |
| a | Kan 37903 |
| b | 23/3/2009 |
| 4 | (c.3) |
| 901 ## - LOCAL DATA ELEMENT A, LDA (RLIN) | |
| a | Kan 37901 |
| b | 23/3/2009 |
| 902 ## - LOCAL DATA ELEMENT B, LDB (RLIN) | |
| a | Kan 894.81417 M 9671 |
| 904 ## - LOCAL DATA ELEMENT D, LDD (RLIN) | |
| a | viru |
| 949 ## - LOCAL PROCESSING INFORMATION (OCLC) | |
| -- | VIRTUAITEM |
| -- | 10009 |
| -- | 2 |
| -- | 100 |
| 6 | DBA000037902KAN |
| a | kan 894.81417 M9671 c2 |
| e | kan 37902 |
| 942 ## - ADDED ENTRY ELEMENTS (KOHA) | |
| Source of classification or shelving scheme | Dewey Decimal Classification |
| Koha item type | Books |
| 949 ## - LOCAL PROCESSING INFORMATION (OCLC) | |
| -- | VIRTUAITEM |
| -- | 10009 |
| -- | 3 |
| -- | 100 |
| 6 | DBA000037903KAN |
| a | kan 894.81417 M9671 c3 |
| e | kan 37903 |
| 949 ## - LOCAL PROCESSING INFORMATION (OCLC) | |
| -- | VIRTUAITEM |
| -- | 10009 |
| -- | 1 |
| -- | 100 |
| 6 | DBA000037901KAN |
| a | kan 894.81417 M9671 |
| e | kan 37901 |
| Withdrawn status | Lost status | Damaged status | Not for loan | Collection code | Home library | Current library | Shelving location | Date acquired | Total Checkouts | Full call number | Barcode | Date last seen | Price effective from | Koha item type |
|---|---|---|---|---|---|---|---|---|---|---|---|---|---|---|
| Kannada | National Library of India | National Library of India | Kan 894.81417 M 9671 | DBA000037902KAN | 27/06/2021 | 27/06/2021 | Books | |||||||
| Kannada | National Library of India | National Library of India | Kan 894.81417 M 9671 | DBA000037903KAN | 27/06/2021 | 27/06/2021 | Books | |||||||
| Kannada | National Library of India | National Library of India | Kan 894.81417 M 9671 | DBA000037901KAN | 27/06/2021 | 27/06/2021 | Books |
